Biological growth and spread

Kaydedildi:
Detaylı Bibliyografya
Asıl Yazarlar: Jager, Willi (Yazar), Rost, Hermann (Yazar), Taute, Petre (Yazar)
Materyal Türü: Kitap
Dil:İngilizce
Baskı/Yayın Bilgisi: Berlín Springer-Verlag 1980
Seri Bilgileri:Lecture Notes in Biomathematics, 38
Konular:
Etiketler: Etiketle
Etiket eklenmemiş, İlk siz ekleyin!

MARC

LEADER 00000nam a2200000 a 4500
001 UCS0922
003 CL-VaPUC
005 20240820104721.0
008 970428e19800000gw 1 eng d
082 0 4 |a 570.15195  |b JAG  |2 21 
100 1 |a Jager, Willi  |e author  |9 618367 
700 1 |a Rost, Hermann  |e author  |9 618368 
700 1 |a Taute, Petre  |e author  |9 618369 
245 1 0 |a Biological growth and spread 
260 |a Berlín  |b Springer-Verlag  |c 1980 
300 |a 511 p 
490 0 |a Lecture Notes in Biomathematics, 38 
583 |a last modification  |c 19970428 00:00:00  |k Rodrigo Vera 
650 0 7 |a BIOMATEMATICAS  |2 CL-VaPUC  |9 260148 
650 0 0 |a Biología  |9 262022 
650 0 0 |a Genética  |9 259443 
650 0 0 |a Aspectos matemáticos   |9 348351 
650 0 0 |a Epidemiología   |9 271159 
650 0 0 |a Congresos  |9 257560 
942 |c BK 
945 |a rleighto  |d 19970428 00:00:00 
546 |a En Inglés 
518 |p Mathematical theories and applications proceedings of a Conference held at heidelberg, July 16-21, 1979 
999 |c 382921  |d 382919